000 00308nam a2200133Ia 4500
082 _a617.6
_bR12A
100 _aSINGH
245 _aRADIOGRAPHIC FEATURES OF COMMON IMPORTANT BENIGN FEW LESIONS
250 _a1ST
260 _bJPFA
_aINDIA
_c2012
300 _aJan-36
650 _aPHYSIOLOGY
942 _2ddc
_cBK
999 _c2469
_d2469